00737nam a2200253 a 4500001001300000003000900013005001700022008004100039020001000080082001800090100002400108245003700132260003000169300001000199500003500209505001700244650001600261650001800277700002400295902000800319942000700327952013400334999001500468nice12345678IN_TiNIC20260116012411.0050524s1980 leia grp 000 0 eng  ac10000a297.0954bSCH aSchimmel, Annemarie aIslam in the Indian Subcontinent aLeidenbE. J. Brillc1980 a303p. aincludes index and biblioraphy2 abibliography aIslam-India aIslam-History1 aSchimmel, Annemarie bSRC cBK 001040708StackRoom-aHMIbHMId2013-11-07g100.00l5m6o297.0954 SCHp013988r2025-09-04s2025-07-28v100.00w2005-05-24yBK c6871d6871